<?xml version="1.0" encoding="UTF-8"?>
<record
    xmlns:xsi="http://www.w3.org/2001/XMLSchema-instance"
    xsi:schemaLocation="http://www.loc.gov/MARC21/slim http://www.loc.gov/standards/marcxml/schema/MARC21slim.xsd"
    xmlns="http://www.loc.gov/MARC21/slim">

  <leader>00647nam a2200181Ia 4500</leader>
  <controlfield tag="008">090124s9999    xx            000 0 und d</controlfield>
  <datafield tag="082" ind1=" " ind2=" ">
    <subfield code="b">37159</subfield>
  </datafield>
  <datafield tag="100" ind1=" " ind2=" ">
    <subfield code="a">&#x921;&#x939;&#x93E;&#x915;&#x947; &#x935;&#x938;&#x902;&#x924; &#x906;&#x92C;&#x93E;&#x91C;&#x940;</subfield>
  </datafield>
  <datafield tag="245" ind1=" " ind2=" ">
    <subfield code="a"> &#x92F;&#x93E;&#x924;&#x94D;&#x930;&#x93E; : &#x905;&#x902;&#x924;&#x930;&#x94D;&#x92F;&#x93E;&#x924;&#x94D;&#x930;&#x93E;</subfield>
  </datafield>
  <datafield tag="250" ind1=" " ind2=" ">
    <subfield code="a">1</subfield>
  </datafield>
  <datafield tag="260" ind1=" " ind2=" ">
    <subfield code="b">&#x936;&#x92C;&#x94D;&#x926; &#x92A;&#x94D;&#x930;&#x915;&#x93E;&#x936;&#x928;</subfield>
    <subfield code="c">1999</subfield>
  </datafield>
  <datafield tag="300" ind1=" " ind2=" ">
    <subfield code="a">168</subfield>
  </datafield>
  <datafield tag="600" ind1=" " ind2=" ">
    <subfield code="a">&#x921;&#x939;&#x93E;&#x915;&#x947; &#x935;&#x938;&#x902;&#x924; &#x906;&#x92C;&#x93E;&#x91C;&#x940;</subfield>
  </datafield>
  <datafield tag="630" ind1=" " ind2=" ">
    <subfield code="a"> &#x92F;&#x93E;&#x924;&#x94D;&#x930;&#x93E; : &#x905;&#x902;&#x924;&#x930;&#x94D;&#x92F;&#x93E;&#x924;&#x94D;&#x930;&#x93E;</subfield>
  </datafield>
  <datafield tag="700" ind1=" " ind2=" ">
    <subfield code="a">&#x921;&#x939;&#x93E;&#x915;&#x947; &#x935;&#x938;&#x902;&#x924; &#x906;&#x92C;&#x93E;&#x91C;&#x940;</subfield>
  </datafield>
  <datafield tag="730" ind1=" " ind2=" ">
    <subfield code="a"> &#x92F;&#x93E;&#x924;&#x94D;&#x930;&#x93E; : &#x905;&#x902;&#x924;&#x930;&#x94D;&#x92F;&#x93E;&#x924;&#x94D;&#x930;&#x93E;</subfield>
  </datafield>
  <datafield tag="942" ind1=" " ind2=" ">
    <subfield code="c">BOOK</subfield>
  </datafield>
  <datafield tag="999" ind1=" " ind2=" ">
    <subfield code="c">103065</subfield>
    <subfield code="d">103065</subfield>
  </datafield>
  <datafield tag="952" ind1=" " ind2=" ">
    <subfield code="0">0</subfield>
    <subfield code="1">0</subfield>
    <subfield code="4">0</subfield>
    <subfield code="7">0</subfield>
    <subfield code="a">THNNWM</subfield>
    <subfield code="b">THNNWM</subfield>
    <subfield code="d">0000-00-00</subfield>
    <subfield code="g">100.00</subfield>
    <subfield code="l">0</subfield>
    <subfield code="o">37159</subfield>
    <subfield code="p">THNNWM-37159</subfield>
    <subfield code="r">2009-01-24 00:00:00</subfield>
    <subfield code="v">100.00</subfield>
    <subfield code="w">2009-01-24</subfield>
    <subfield code="y">BOOK</subfield>
  </datafield>
</record>
